Insolvency and company liquidation statistics (Record no. 120608)
[ view plain ]
| 000 -LEADER | |
|---|---|
| fixed length control field | 00912cai a22001815a 4500 |
| 001 - CONTROL NUMBER | |
| control field | L138607 |
| 008 - FIXED-LENGTH DATA ELEMENTS--GENERAL INFORMATION | |
| fixed length control field | 070625u xxk g s 000 0 eng d |
| 035 ## - SYSTEM CONTROL NUMBER | |
| System control number | (Sirsi) u138607 |
| 041 0# - LANGUAGE CODE | |
| Language code of text/sound track or separate title | eng |
| 110 1# - MAIN ENTRY--CORPORATE NAME | |
| Corporate name or jurisdiction name as entry element | United Kingdom |
| Subordinate unit | The Insolvency Service |
| 9 (RLIN) | 5238 |
| 245 00 - TITLE STATEMENT | |
| Title | Insolvency and company liquidation statistics |
| Medium | [electronic resource] |
| 520 ## - SUMMARY, ETC. | |
| Summary, etc. | Provides UK insolvency statistics. Includes overall quarterly statistics; individual insolvencies in England and Wales from 1999 to 2004; corporate insolvencies in England, Wales and Scotland from 1999 to 2004; bankruptcies and company liquidations from 2004; and complaints and performance summaries. |
| 590 ## - LOCAL NOTE (RLIN) | |
| Local note | KA |
| 651 #4 - SUBJECT ADDED ENTRY--GEOGRAPHIC NAME | |
| Geographic name | United Kingdom |
| Chronological subdivision | |
| 690 ## - LOCAL SUBJECT ADDED ENTRY--TOPICAL TERM (OCLC, RLIN) | |
| Topical term or geographic name as entry element | MANAGEMENT-CORPORATE RECOVERY |
| 856 40 - ELECTRONIC LOCATION AND ACCESS | |
| Uniform Resource Identifier | <a href="https://www.insolvency.gov.uk/otherinformation/statistics/statisticsmenu.htm">https://www.insolvency.gov.uk/otherinformation/statistics/statisticsmenu.htm</a> |
| Public note | View the website free of charge at www.insolvency.gov.uk... |
| 942 ## - ADDED ENTRY ELEMENTS (KOHA) | |
| Suppress in OPAC | 0 |
| Withdrawn status | Lost status | Source of classification or shelving scheme | Damaged status | Not for loan | Home library | Current library | Shelving location | Date acquired | Total Checkouts | Full call number | Barcode | Date last seen | Copy number | Price effective from | Koha item type |
|---|---|---|---|---|---|---|---|---|---|---|---|---|---|---|---|
| Dewey Decimal Classification | Virtual | Virtual | Online | 25/06/2007 | ONLINE PUBLICATION | 138607-1001 | 06/08/2019 | 1 | 06/08/2019 | Online material |